Statistiken für Größte deutsche Städte nach Buchstabe - E

Klicken Sie hier um das Quiz zu spielen!

Allgemein

  • Dieses Quiz wurde 5.648 mal gespielt
    (5.461 seit der letzten Aktualisierung)
  • Das Durchschnittsergebnis liegt bei 5 aus 16

Antwortstatistiken

LandEinwohnerStadt% Korrekt
NRW582.760Essen
98%
Thüringen213.981Erfurt
91%
Bayern112.528Erlangen
68%
Baden-Württemberg94.145Esslingen am Neckar
48%
Niedersachsen49.913Emden
43%
Thüringen42.250Eisenach
39%
NRW58.381Euskirchen
28%
Bayern36.437Erding
24%
Schleswig-Holstein49.983Elmshorn
21%
Brandenburg40.699Eberswalde
18%
NRW50.010Erftstadt
16%
NRW43.206Erkelenz
13%
NRW56.482Eschweiler
13%
Baden-Württemberg39.373Ettlingen
10%
NRW36.029Emsdetten
9%
NRW43.992Erkrath
9%

Verteilung der Resultate

Perzentil nach korrekt beantworteten Fragen

Anzahl Personen mit jedem Resultat

Ihre Resultats-Entwicklung

Sie haben dieses Quiz seit der letzten Aktualisierung nicht gespielt